000 01080nam a2200289Ia 4500
001 ebr10033017
003 CaPaEBR
006 m u
007 cr cn|||||||||
008 020805s2003 enka sb 001 0 eng d
020 _z0727916998
040 _aCaPaEBR
_cCaPaEBR
035 _a(OCoLC)70738765
050 1 4 _aRC681
_b.E85 2003eb
245 0 0 _aEvidence-based cardiology
_h[electronic resource] /
_cedited by Salim Yusuf ... [et al.].
250 _a2nd ed.
260 _aLondon :
_bBMJ Books,
_c2003.
300 _axxiii, 968 p. :
_bill.
504 _aIncludes bibliographical references and index.
533 _aElectronic reproduction.
_bPalo Alto, Calif. :
_cebrary,
_d2009.
_nAvailable via World Wide Web.
_nAccess may be limited to ebrary affiliated libraries.
650 0 _aCardiology.
650 0 _aHeart
_xDiseases.
655 7 _aElectronic books.
_2local
700 1 _aYusuf, Salim,
_d1952-
710 2 _aebrary, Inc.
856 4 0 _uhttp://site.ebrary.com/lib/rucke/Doc?id=10033017
_zAn electronic book accessible through the World Wide Web; click to view
999 _c63178
_d63178